000 00527nam a2200193 a 4500
005 20230623063555.0
008 080415s1991 mx r 000 0 spa d
020 _a9681636767
035 _aUPN01000155461
049 _aI
050 4 _aPZ78
_bM6.3
100 1 _aMolina, Alicia,
_d1945-
_933136
245 1 3 _aEl agujero negro /
_cAlicia Molina.
260 _aMéxico :
_bFCE,
_c1991.
300 _a48 p. :
_bil.
440 0 _aA la orilla del viento ;
_v5
650 4 _aCuentos infantiles mexicanos
_97723
905 _aInfantil
999 _c127576
_d127576